[Event "AUT-ch U12 Girls"]
[Site "St Veit"]
[Date "2016.05.17"]
[Round "7"]
[White "Novak, Eos Isabella Maria"]
[Black "Hiebner, Carina"]
[Result "0-1"]
[WhiteElo "806"]
[BlackElo "915"]
[PlyCount "130"]
[EventDate "2016.05.14"]
[EventType "swiss"]
[EventRounds "7"]
[EventCountry "AUT"]
[SourceTitle "CBM 172 Extra"]
[Source "ChessBase"]
[SourceDate "2016.06.21"]
[SourceVersion "1"]
[SourceVersionDate "2016.06.21"]
[SourceQuality "1"]

1. e4 c6 2. Nf3 d5 3. Nc3 Bg4 4. h3 Bh5 5. g4 Bg6 6. Bd3 e6 7. h4 h6 8. e5 Bxd3 9. cxd3 Nd7 10. d4 c5 11. dxc5 Bxc5 12. d4 Bb4 13. Bd2 Nb6 14. Qe2 Qd7 15. 0-0-0 Na4 16. Kb1 Rc8 17. Rc1 Nb6 18. g5 Nc4 19. Nxd5 Qxd5 20. Bxb4 Qb5 21. Bc3 a6 22. Nd2 Ne7 23. b3 Nxd2+ 24. Qxd2 0-0 25. Bb2 Rxc1+ 26. Qxc1 Qd3+ 27. Ka1 Rc8 28. Qb1 Qxb1+ 29. Kxb1 Nd5 30. Rg1 Kh8 31. gxh6 gxh6 32. Rg3 Rg8 33. Rxg8+ Kxg8 34. a4 a5 35. Ba3 Kg7 36. Kc2 f5 37. Kd3 Kg6 38. Ke2 f4 39. Kf3 Kf5 40. b4 axb4 41. Bc1 b3 42. Ke2 Ke4 43. a5 Kxd4 44. Kd2 Nb4 45. Bb2+ Ke4 46. Bc3 Nd5 47. Bb2 Kf3 48. Ke1 Kg4 49. Kd2 Kxh4 50. Kd3 Kg4 51. Kc4 Kh3 52. Kc5 Kg2 53. Bd4 h5 54. Kd6 Nb4 55. Bc5 b2 56. Bxb4 b1Q 57. Kxe6 Qa2+ 58. Kf5 Qxf2 59. e6 Qe2 60. Kf6 Qa6 61. Ke7 h4 62. Kd7 Qc6+ 63. Ke7 f3 64. Kf7 f2 65. e7 f1Q+ 0-1

[Event "AUT-ch U10 Girls"]
[Site "Woerth"]
[Date "2015.06.07"]
[Round "7.5"]
[White "Peraus, Leonie"]
[Black "Novak, Eos Isabella Maria"]
[Result "1-0"]
[WhiteElo "878"]
[BlackElo "850"]
[PlyCount "87"]
[EventDate "2015.06.05"]
[EventType "swiss"]
[EventRounds "7"]
[EventCountry "AUT"]
[SourceTitle "EXT 2024"]
[Source "ChessBase"]
[SourceDate "2023.10.10"]
[SourceVersion "1"]
[SourceVersionDate "2023.10.10"]
[SourceQuality "1"]

1. e4 e5 2. Nf3 Nc6 3. Bc4 Nf6 4. d3 Bc5 5. c3 0-0 6. 0-0 d6 7. h3 h6 8. Be3 Bxe3 9. fxe3 a6 10. Bb3 d5 11. exd5 Nxd5 12. Re1 Nf6 13. Qe2 Nh5 14. Nbd2 Ng3 15. Qf2 Nf5 16. e4 Nfe7 17. Qe3 Ng6 18. d4 Qe7 19. d5 Na5 20. Bc2 c6 21. dxc6 Nxc6 22. b4 b5 23. a4 Nf4 24. axb5 Na7 25. bxa6 Qd6 26. Nc4 Qc6 27. Ncxe5 Qf6 28. Ng4 Qd6 29. Red1 Qc7 30. e5 Ng6 31. Qe4 Bxg4 32. hxg4 Qxc3 33. Nh4 Qc6 34. Qf5 Rfc8 35. Be4 Qb6+ 36. Kh2 Rc6 37. Bxc6 Nxc6 38. Rd6 Nxh4 39. Qe4 Rc8 40. a7 Qc7 41. a8Q Rxa8 42. Rxa8+ Nd8 43. Raxd8+ Qxd8 44. Rxd8# 1-0

[Event "AUT-ch U10 Girls"]
[Site "Woerth"]
[Date "2015.06.05"]
[Round "2.4"]
[White "Novak, Eos Isabella Maria"]
[Black "Dodu, Crina Karina"]
[Result "0-1"]
[WhiteElo "850"]
[BlackElo "1003"]
[PlyCount "56"]
[EventDate "2015.06.05"]
[EventType "swiss"]
[EventRounds "7"]
[EventCountry "AUT"]
[SourceTitle "EXT 2024"]
[Source "ChessBase"]
[SourceDate "2023.10.10"]
[SourceVersion "1"]
[SourceVersionDate "2023.10.10"]
[SourceQuality "1"]

1. e4 e5 2. Nf3 Nc6 3. Nc3 Nf6 4. Bb5 a6 5. Bxc6 dxc6 6. 0-0 Bd6 7. b4 Bxb4 8. Bb2 Bd6 9. Qe2 Bg4 10. h3 Bh5 11. Qe3 0-0 12. d3 b6 13. d4 exd4 14. Qxd4 Bc5 15. Qxd8 Raxd8 16. Ne5 Rfe8 17. Nxc6 Rd6 18. e5 Rxc6 19. exf6 Rxf6 20. Rfe1 Bxf2+ 21. Kf1 Bxe1+ 22. Kg1 Bg3 23. Kh1 Re1+ 24. Rxe1 Bxe1 25. Ne4 Rf1+ 26. Kh2 f5 27. Ng3 Bxg3+ 28. Kxg3 f4+ 0-1